Studies in Indian irrigation (Record no. 393245)

000 -LEADER
fixed length control field 00421cam a22001457a 4500
008 - FIXED-LENGTH DATA ELEMENTS--GENERAL INFORMATION
fixed length control field 180718b1999 xxu||||| |||| 00| 0 eng d
082 ## - DEWEY DECIMAL CLASSIFICATION NUMBER
Classification number Y1182x54 D535
100 ## - MAIN ENTRY--PERSONAL NAME
Personal name Dhawan, B.D.
245 ## - TITLE STATEMENT
Title Studies in Indian irrigation
Statement of responsibility, etc. by B.D. Dhawan
260 ## - PUBLICATION, DISTRIBUTION, ETC.
Place of publication, distribution, etc. New Delhi
Name of publisher, distributor, etc. Commonwealth
Date of publication, distribution, etc. 1999
300 ## - PHYSICAL DESCRIPTION
Extent 234p.
650 ## - SUBJECT ADDED ENTRY--TOPICAL TERM
Topical term or geographic name entry element Irrigation farming --India
650 ## - SUBJECT ADDED ENTRY--TOPICAL TERM
Topical term or geographic name entry element Irrigation efficiency --India
650 ## - SUBJECT ADDED ENTRY--TOPICAL TERM
Topical term or geographic name entry element Irrigation --India
Holdings
Withdrawn status Lost status Damaged status Not for loan Permanent Location Current Location Date acquired Full call number Barcode Date last seen Price effective from Koha item type
        Indian Institute of Public Administration Indian Institute of Public Administration 2000-04-27 Y1182x54 D535 75266 2018-07-21 2018-07-21 Book

Powered by Koha